Программа по общей химии для машиностроительных и механических специальностей вузов

Manylion Llyfryddiaeth
Awduron Eraill: Розанова Г. К. (редактор)
Crynodeb:Исключено из фонда НТБ ТПУ
Iaith:Rwseg
Cyhoeddwyd: Москва, Высшая школа, 1965
Fformat: MixedMaterials Llyfr
KOHA link:https://koha.lib.tpu.ru/cgi-bin/koha/opac-detail.pl?biblionumber=262310

MARC

LEADER 00000nam0a2200000 4500
001 262310
005 20231031221957.0
035 |a (RuTPU)RU\TPU\book\285293 
035 |a RU\TPU\book\285292 
090 |a 262310 
100 |a 20140530d1965 m y0rusy50 ca 
101 0 |a rus 
102 |a RU 
105 |a y j 000zy 
200 1 |a Программа по общей химии для машиностроительных и механических специальностей вузов  |f под ред. Г. К. Розановой 
210 |a Москва  |c Высшая школа  |d 1965 
215 |a 15 с. 
333 |a Исключено из фонда НТБ ТПУ 
702 1 |a Розанова  |b Г. К.  |4 340 
801 1 |a RU  |b 63413507  |c 20140530 
801 2 |a RU  |b 63413507  |c 20221017  |g RCR 
942 |c BK